Statistiques concernant Rapidités d'écriture - Alphabet

Cliquez ici pour prendre le quiz!

Statistiques générales

  • Ce quiz a été pris 291 fois
    (289 depuis la dernière actualisation)
  • Le résultat moyen est 57 sur 182

Statistiques - réponses

Réponse% Correct
A
100%
B
99%
C
99%
D
98%
E
98%
F
97%
G
97%
H
97%
I
97%
J
97%
K
97%
L
97%
M
96%
N
95%
O
95%
P
95%
Q
95%
R
95%
S
95%
T
95%
U
95%
V
95%
W
95%
X
93%
Y
93%
Z
93%
A
87%
B
85%
C
81%
D
81%
E
81%
F
79%
G
78%
H
77%
I
76%
J
75%
K
74%
L
74%
M
74%
N
72%
O
71%
P
70%
Q
70%
R
70%
S
70%
T
67%
U
66%
V
66%
W
65%
X
65%
Y
64%
Z
61%
A
57%
B
55%
C
54%
D
52%
E
52%
F
52%
G
50%
H
49%
I
46%
J
44%
K
44%
L
44%
M
43%
N
40%
O
39%
P
37%
Q
34%
R
33%
S
31%
T
30%
U
29%
V
29%
W
26%
X
23%
Y
21%
Z
20%
A
17%
B
16%
C
15%
D
14%
E
14%
F
11%
G
11%
H
11%
I
11%
J
9%
K
9%
L
9%
M
9%
N
7%
O
7%
P
7%
Q
7%
R
6%
S
6%
T
6%
U
6%
V
6%
W
5%
A
3%
B
3%
C
3%
X
3%
Y
3%
Z
3%
D
2%
E
2%
F
1%
G
1%
H
1%
I
1%
J
1%
K
1%
L
1%
M
1%
N
1%
O
1%
P
1%
Q
1%
R
1%
S
1%
T
1%
A
0%
A
0%
B
0%
B
0%
C
0%
C
0%
D
0%
D
0%
E
0%
E
0%
F
0%
F
0%
G
0%
G
0%
H
0%
H
0%
I
0%
I
0%
J
0%
J
0%
K
0%
K
0%
L
0%
L
0%
M
0%
M
0%
N
0%
N
0%
O
0%
O
0%
P
0%
P
0%
Q
0%
Q
0%
R
0%
R
0%
S
0%
S
0%
T
0%
T
0%
U
0%
U
0%
U
0%
V
0%
V
0%
V
0%
W
0%
W
0%
W
0%
X
0%
X
0%
X
0%
Y
0%
Y
0%
Y
0%
Z
0%
Z
0%
Z
0%

Distribution des résultats

Percentile par nombre de réponses

% des personnes avec chaque résultat

Votre développement - résultats

Vous n’avez pas pris ce quiz depuis la dernière actualisation